Hurricanes That Hit Florida Since 2000 - Statistics

General Stats
  • This quiz has been taken 44 times
  • The average score is 11 of 18
Answer Stats
Year Answer % Correct
2005 Katrina
89%
2024 Helene
81%
2024 Milton
81%
2022 Ian
70%
2017 Irma
67%
2004 Jeanne
67%
2018 Michael
67%
2004 Charley
63%
2005 Wilma
63%
2024 Debby
59%
2009 Ida
59%
2004 Frances
56%
2023 Idalia
56%
2004 Ivan
56%
2022 Nicole
56%
2005 Dennis
37%
2001 Michelle
37%
2016 Hermine
33%
No matching quizzes found
Score Distribution
Percent of People with Each Score
Percentile by Number Answered
Your Score History
You have not taken this quiz